000
00319nam a22001457a 4500
003
SGT
020
_a
9781543344080
082
_a
615.1
_b
N20M
100
_a
MEHETRE, GAUTAM.D
245
_a
NOVEL DRUG DELIVERY SYSTEMS
260
_a
PUNJAB
_b
S.VIKASH
_c
2020
300
_a
284
650
_a
PHARMACY
942
_2
ddc
_c
BK
_0
25
999
_c
22955
_d
22955